The nanshas (spratlyst) disputes/ (Record no. 7168)

MARC details
000 -LEADER
fixed length control field 00480nam a22001577a 4500
003 - CONTROL NUMBER IDENTIFIER
control field OSt
005 - DATE AND TIME OF LATEST TRANSACTION
control field 20251217062720.0
008 - FIXED-LENGTH DATA ELEMENTS--GENERAL INFORMATION
fixed length control field 251217b |||||||| |||| 00| 0 eng d
040 ## - CATALOGING SOURCE
Original cataloging agency DWCL-Main lib.
Transcribing agency OC
082 ## - DEWEY DECIMAL CLASSIFICATION NUMBER
Classification number Fil. 305.8 Sh12n 1999
100 ## - MAIN ENTRY--PERSONAL NAME
Personal name Hsiao Shiching
245 ## - TITLE STATEMENT
Title The nanshas (spratlyst) disputes/
Statement of responsibility, etc. Hsiao Shiching
260 ## - PUBLICATION, DISTRIBUTION, ETC.
Place of publication, distribution, etc. Quezon city:
Name of publisher, distributor, etc. Color lithographic press inc. ;
Date of publication, distribution, etc. c. 1999.
300 ## - PHYSICAL DESCRIPTION
Extent x, 190 p. ;
Dimensions 26 cm.
942 ## - ADDED ENTRY ELEMENTS (KOHA)
Source of classification or shelving scheme Dewey Decimal Classification
Koha item type Book-Filipiniana
Classification part Fil.
Suppress in OPAC No
952 ## - LOCATION AND ITEM INFORMATION (KOHA)
--
Holdings
Withdrawn status Lost status Source of classification or shelving scheme Damaged status Not for loan Home library Current library Date acquired Cost, normal purchase price Total Checkouts Full call number Barcode Date last seen Copy number Price effective from Koha item type Uniform Resource Identifier
    Dewey Decimal Classification     College Library College Library 12/17/2025 0.00   Fil. 305.8 Sh12n 1999 CL37207 12/17/2025 c1 12/17/2025 BK - FIL